000 00520nam a2200181 4500
001 122435
003 ES-MaACL
005 20230906191958.0
007 t|
008 070214s1984 sp r ||||1| spa d
100 1 _aPuddu, Raffaele.
_994121
245 1 3 _aEl soldado gentilhombre /
_cRaffaele Puddu ; traducción de Enrique Lynch.
250 _a1ª. ed.
260 _aBarcelona :
_bArgos Vergara,
_c1984.
300 _a283 p. ;
_c22 cm.
700 1 _aLynch, Enrique.
_974934
852 _aES-MaACL
_jL-6229
_bR.106916
999 _c122435
_d122435